Gas swing options: introduction and pricing using Monte Carlo methods

Dohody o predaji plynu (GSA) a swing opcie plynu - teoretická charakteristika. Oceňovanie možností rozpätia pomocou simulácií Monte Carlo. Príklad aplikácie arbitrážne vybraných dohôd o predaji plynu. Monte Carlo simulácia možných prémií. Porovnanie reálnej a maximálnej ex-post hodnoty jednotky plyn...

ver descrição completa

Na minha lista:
Detalhes bibliográficos
Autor principal: Klimešová, Andrea
Outros Autores: Václavík, Tomáš
Formato: Capítulo de Livro
Idioma:inglês
Assuntos:
Tags: Adicionar Tag
Sem tags, seja o primeiro a adicionar uma tag!

MARC

LEADER 00000naa a2200000 4500
001 0214822
005 20231116111124.9
041 0 |a eng 
044 |a CZ 
245 1 0 |a Gas swing options: introduction and pricing using Monte Carlo methods  |c Andrea Klimešová, Tomáš Václavík 
520 |a Dohody o predaji plynu (GSA) a swing opcie plynu - teoretická charakteristika. Oceňovanie možností rozpätia pomocou simulácií Monte Carlo. Príklad aplikácie arbitrážne vybraných dohôd o predaji plynu. Monte Carlo simulácia možných prémií. Porovnanie reálnej a maximálnej ex-post hodnoty jednotky plynu. 
610 2 0 |a trh energetický 
610 2 0 |a dohody obchodné medzinárodné 
610 2 0 |a dohody platobné medzinárodné 
610 2 0 |a opcie 
610 2 0 |a metóda Monte Carlo 
610 2 0 |a oceňovanie 
610 2 0 |a rozpätie cenové 
100 1 |a Klimešová, Andrea 
700 1 |a Václavík, Tomáš